LIBRARY & INFORMATION CENTRE, KCAET, TAVANUR

ONLINE PUBLIC ACCESS CATALOGUE (OPAC)

Climate change impact on irrigation water requirement and crop water productivity of rice / (Record no. 19438)

MARC details
000 -LEADER
fixed length control field 00428nam a2200145 4500
003 - CONTROL NUMBER IDENTIFIER
control field OSt
082 ## - DEWEY DECIMAL CLASSIFICATION NUMBER
Classification number 631.587
Item number MID/CL
088 ## - REPORT NUMBER
Report number T 638
100 ## - MAIN ENTRY--AUTHOR NAME
Personal name Midhula B. N
245 ## - TITLE STATEMENT
Title Climate change impact on irrigation water requirement and crop water productivity of rice /
260 ## - PUBLICATION, DISTRIBUTION, ETC. (IMPRINT)
Place of publication Tavanur :
Name of publisher Department of Irrigation & Drainage Engineering,
Year of publication 2025.
300 ## - PHYSICAL DESCRIPTION
Number of Pages 145p.
700 ## - ADDED ENTRY--PERSONAL NAME
Personal name Asha Joseph (Guide)
942 ## - ADDED ENTRY ELEMENTS (KOHA)
Koha item type Theses
Holdings
Collection code Home library Current library Full call number Accession Number Koha item type Public note
Reference KAUAET KAUAET 631.587 MID/CL T 638 Theses M.Tech Thesis
free website counter